Martin Juhás, čili, Československo : román /

Hlavní autor: Zábranský, David, 1977-
Jazyk: Čeština
Vydáno: V Bratislavě : Premedia, 2015
Vydání: 1. vydání
Témata:
Fyzický popis: 575 stran ; 22 cm
Knihy
Uloženo v:
LEADER 01158nam a2200337 i 4500
001 001604831
003 CZ BrMZK
005 20180903094822.0
007 ta
008 171116s2015 xo g 000 f cze
020 |a 978-80-8159-180-8  |q (Vázáno) 
040 |a BOA001  |b cze  |e rda 
072 7 |a 821.162.3-3  |x Česká próza  |2 Konspekt  |9 25 
080 |a 821.162.3-31  |2 MRF 
080 |a (0:82-31)  |2 MRF 
100 1 |a Zábranský, David,  |d 1977-  |7 pag2006371412  |4 aut 
245 1 0 |a Martin Juhás, čili, Československo :  |b román /  |c David Zábranský 
246 3 0 |a Československo 
250 |a 1. vydání 
264 1 |a V Bratislavě :  |b Premedia,  |c 2015 
300 |a 575 stran ;  |c 22 cm 
336 |a text  |b txt  |2 rdacontent 
337 |a bez média  |b n  |2 rdamedia 
338 |a svazek  |b nc  |2 rdacarrier 
655 7 |a české romány  |7 fd133974  |2 czenas 
655 9 |a Czech fiction  |2 eczenas 
910 |a BOA001  |b 2-1398.051 
990 |a BK 
991 |b 201711  |c NOV 
996 3 |b 2610725513  |c 2-1398.051  |l MZK  |r CLC  |n 0  |p kup  |w 001640227  |u 000010  |a 1  |e BOA001  |j MZK50  |s N 
996 7 |b 2610753389  |c 2-1398.051  |l MZK  |r Sklad / do 1 hodiny  |n 3  |p kup  |w 001640227  |u 000020  |a 1  |e BOA001  |j MZK50  |s A